00627nam a2200205Ia 4500003000400000005001700004006001800021007000300039008004100042024001000083037001800093040001800111041001300129100001800142110006200160245006700222260004900289650002100338700006200359OSt20220930184743.0a|||||r|||| 00| 0ta220926b |||||||| |||| 00| 0 hin d a14509 cDissertations aCRLcCRLbhin 2hinahin aGarg Suchitra aUniversity of Delhi. Faculty of Arts. Department of Hindi 0aPareeksha Guru aur Aalaler Gharer Dalal ka tulnatamak adhyayan aDelhibUniversity of Delhi India c1983 aHINDI LITERATURE aUniversity of Delhi. Faculty of Arts. Department of Hindi